| 000 | 01560nam a22003857a 4500 | ||
|---|---|---|---|
| 003 | CHAP | ||
| 005 | 20220817043045.0 | ||
| 008 | 971010s r 10010 d | ||
| 010 | _a64210 | ||
| 011 | _a65182 | ||
| 035 | _a71445 | ||
| 040 | _cCHAP | ||
| 082 |
_a631.4063 _bC7 1981 |
||
| 111 | 0 | 0 |
_aCongreso Nacional de la Ciencia del Suelo ( _n14 _d: 1981 _c: San Luis Potosi, S.L.P.) _927052 |
| 245 | _aMemoria | ||
| 260 |
_aSan Luis Potosi, S.L.P. : _bLa Sociedad, _c(s.a.) |
||
| 300 | _a2 v. | ||
| 590 |
_aBATCH-UPD _b10 _c20130110 _lUCH01 _h1523 |
||
| 590 |
_aBATCH-UPD _b10 _c20130410 _lUCH01 _h0934 |
||
| 590 |
_aBATCH-UPD _b10 _c20130914 _lUCH01 _h1032 |
||
| 590 |
_aCONVERSION _b10 _c20130109 _lUCH01 _h1335 |
||
| 650 | 1 | 4 |
_aSuelos _xCongresos. _9110281 |
| 650 | 1 | 4 |
_aSuelos _xCongresos _xMéxico. _9110282 |
| 710 | 0 | _aSociedad Mexicana de la Ciencia del Suelo. | |
| 901 | _aBK | ||
| 942 | _cLIBRO | ||
| 949 |
_a631.4063 C65 1981 _bF _cLIBRO _d-23555 _eLIBRO _h2029 _i71445 _si |
||
| 949 |
_a631.4063 C7 1981 _bBC _cCONG _d-144984 _eCONG _fv.1 _h60099 _i71445 _si |
||
| 949 |
_a631.4063 C7 1981 _bBC _cCONG _d-144987 _eCONG _fv.2 c.3 _h74348 _i71445 _si |
||
| 949 |
_a631.4063 C7 1981 _bBC _cLIBRO _d33724000556916 _eLIBRO _fv.2 _h74346 _i71445 _si |
||
| 949 |
_a631.4063 C7 1981 _bBC _cLIBRO _d33724000556999 _eLIBRO _fv.2 c.2 _h74347 _i71445 _si |
||
| 949 |
_a631.4063 C7 1981 _bS _cLIBRO _d-4071 _eLIBRO _fv.1 _h3558 _i71445 _si |
||
| 949 |
_a631.4063 C7 1981 _bS _cLIBRO _d-53432 _eLIBRO _fv.2 _h3699 _i71445 _si |
||
| 949 |
_a631.4063 C7 1981 _bS _cLIBRO _d-53433 _eLIBRO _fv.2 c.2 _h3700 _i71445 _si |
||
| 999 |
_c64210 _d64210 |
||